000 00663nam a2200241Ia 4500
003 OSt
005 20220925233718.0
006 a|||||r|||| 00| 0
007 ta
008 220923b |||||||| |||| 00| 0 eng d
020 _a8170410827
037 _cGeneral Book
040 _aRTL
_cRTL
_beng
041 _2eng
_aeng
082 _aX9:6.2,hN48, M8
100 _aJain P K
_926408
245 0 _aIndustrial finance corporation of India
_bA study
260 _a New Delhi
_bAnmol Publications
_c1988
300 _axx,271p
_ccm.
650 _aFinancing
942 _hX9:6.2,hN48, M8
_cGB
_2CC
999 _c594395
_d594395